हिंदी के सन्दर्भ में सेधान्तिक एवं अनुप्रयुक्त भाषाविज्ञान / (Record no. 198636)

MARC details
000 -LEADER
fixed length control field 01087nam a22002177a 4500
005 - DATE AND TIME OF LATEST TRANSACTION
control field 20230929103819.0
010 ## - LCCN (DPL NO)
LC control number HIN-126029
020 ## - INTERNATIONAL STANDARD BOOK NUMBER
International Standard Book Number 9788171491018
Terms of availability 895.00
035 ## - SYSTEM CONTROL NUMBER
System control number HN-98375
037 ## - SOURCE OF ACQUISITION
Source of stock number/acquisition DBAD/PUB
082 ## - DEWEY DECIMAL CLASSIFICATION NUMBER
Classification number 401.802
245 ## - TITLE STATEMENT
Title हिंदी के सन्दर्भ में सेधान्तिक एवं अनुप्रयुक्त भाषाविज्ञान /
Statement of responsibility, etc रविन्द्रनाथ श्रीवास्तव द्वारा सम्पादित
250 ## - EDITION STATEMENT
Edition statement 1
260 ## - PUBLICATION, DISTRIBUTION, ETC. (IMPRINT)
Name of publisher, distributor, etc साहित्य सहकार
Place of publication, distribution, etc नई दिल्ली
Date of publication, distribution, etc 2021
270 ## - ADDRESS
Address 29/62-बी गली न 11 विश्वास नगर
Postal code 110032
City नई दिल्ली
300 ## - PHYSICAL DESCRIPTION
Extent 472 पृ.
Dimensions 22 सेमी (सजिल्द)
710 ## - ADDED ENTRY--CORPORATE NAME
9 (RLIN) 56895
Corporate name or jurisdiction name as entry element महेंद्र
Relator term सह -संपादक
710 ## - ADDED ENTRY--CORPORATE NAME
Corporate name or jurisdiction name as entry element मुकुल प्रियदर्शिनी
Relator term उप- संपादक
9 (RLIN) 57589
942 ## - ADDED ENTRY ELEMENTS (KOHA)
Item type Hindi Books
Source of classification or shelving scheme Dewey Decimal Classification
Classification part 401.802
Call number suffix हिंदीके
Holdings
Withdrawn status Lost status Not for loan Collection code Home library Current library Date acquired Source of acquisition Cost, normal purchase price Full call number Barcode Cost, replacement price Koha item type
      Non-fiction Mobile Library Mobile Library 29/09/2023 DBAD/PUB 895.00 401.802 हिंदीके HN-98375 895.00 Hindi Books

© Delhi Public Library
Hit Counter
free hit counter